MARC

LEADER 00000nam0a2200000 4500
001 281598
005 20231101235422.0
020 |a RU  |b 86-80566 
035 |a (RuTPU)RU\TPU\book\305407 
090 |a 281598 
100 |a 20150123d1986 k y0rusy5003 ca 
101 0 |a rus 
102 |a UA 
105 |a y z 001zy 
200 1 |a Социальная однородность общества: основные признаки и пути формирования  |f Ю. И. Ширяев  |g Академия наук Украинской ССР (АН УССР), Институт философии 
210 |a Киев  |c Наукова думка  |d 1986 
215 |a 208 с. 
320 |a Библиогр. в примеч. в конце разделов 
606 1 |a Советское общество  |x Социальная структура  |2 stltpush  |3 (RuTPU)RU\TPU\subj\55427  |9 73461 
606 1 |a Социалистическое общество  |x Социальная стркутура  |y СССР  |2 stltpush  |3 (RuTPU)RU\TPU\subj\55656 
610 1 |a социология 
610 1 |a социально-политические аспекты 
610 1 |a социальное взаимодействие 
610 1 |a общность 
610 1 |a классовая структура 
610 1 |a общественные отношения 
610 1 |a единство 
686 |a С55.32  |2 rubbk 
686 |a Ф3(2)11  |2 rubbk 
700 1 |a Ширяев  |b Ю. И.  |g Юрий Иванович 
712 0 2 |a Академия наук Украинской ССР (АН УССР)  |b Институт философии  |2 stltpush  |3 (RuTPU)RU\TPU\col\12865 
801 0 |a RU  |b RuMRKP  |c 19950704  |g psbo 
801 1 |a RU  |b 63413507  |c 20150123 
801 2 |a RU  |b 63413507  |c 20170512  |g RCR 
942 |c BK